Sinivalkoiset liput - Kuvavisa - Statistics

Yleistilastot
  • Tätä visaa on pelattu 331 kertaa
  • Keskiarvotulos 4 / 6
Vastaustilastot
Kuvavisa Vastaus % Oikein
Kreikka
98%
Suomi
98%
Israel
84%
Somalia
54%
Honduras
46%
Mikronesia
32%
Ehtoja vastaavia visoja ei löytynyt
Tulosjakauma
Jokaisen tuloksen saaneiden osuus
Persentiili vastausten määrän mukaan
Tuloshistoriasi
Et ole pelannut tätä visaa